000 00750nam a22002177a 4500
005 20180601154642.0
010 _aB-694040
020 _a9789380658742
_c325.00
035 _aB-694040
037 _bRK Books
082 _aN
100 _aTripathi, Amish
245 _aThe immortals of meluha /
_cby Amish Tripathi
260 _aChennai
_bWestland
_c2017
270 _a61, II floor, silverline building, Alapakkam main road, maduravoyal
_b Chennai
_e600095
300 x _axviii, 417p.
_c20cm(pbk)
490 _aShiva trilogy
_v1
500 _aIncludes Glossary
942 _2ddc
_cEN
_mTRI
_hN
999 _c67092
_d67092